Gayatri mantra upasana(Samarthya ani prachiti) (Record no. 361828)

MARC details
000 -LEADER
fixed length control field 003780000a22001570004500
005 - DATE AND TIME OF LATEST TRANSACTION
control field 20120302064316.0
040 ## - CATALOGING SOURCE
Original cataloging agency Mar
100 ## - MAIN ENTRY--PERSONAL NAME
Personal name Bhatkhande,Shriram Mahadev
245 ## - TITLE STATEMENT
Title Gayatri mantra upasana(Samarthya ani prachiti)
250 ## - EDITION STATEMENT
Edition statement 1st
260 ## - PUBLICATION, DISTRIBUTION, ETC. (IMPRINT)
Place of publication, distribution, etc Mumbai:Manorama prakashan,2006.
300 ## - PHYSICAL DESCRIPTION
Extent 168p.
365 ## - TRADE PRICE
Price amount 75/-
650 ## - SUBJECT ADDED ENTRY--TOPICAL TERM
Topical term or geographic name as entry element Gayatri Mantra
942 ## - ADDED ENTRY ELEMENTS (KOHA)
Koha item type Book
Holdings
Withdrawn status Lost status Damaged status Not for loan Home library Current library Date acquired Total Checkouts Barcode Date last seen Price effective from
        Institute For Oriental Study, Thane Institute For Oriental Study, Thane 12/02/2009   IOS-M 22881 12/02/2009 12/02/2009